A licitação pública no Brasil e sua nova finalidade legal : (Record no. 1043)

MARC details
000 -LÍDER
Campo Fixo de Controle 00761nam a2200229 a 4500
001 - NÚMERO DE CONTROLE
Campo de Controle 1043
003 - IDENTIFICAÇÃO DO NÚMERO DE CONTROLE
Campo de Controle BR-CuiBMT
005 - DATA E HORA DA ÚLTIMA ATUALIZAÇÃO
Campo de Controle 20231127205001.0
008 - DADOS FIXOS
Dados Fixos 231127s2012 mgb 000 0 por d
020 ## - INTERNATIONAL STANDARD BOOK NUMBER
Nº do ISBN 9788577006052
040 ## - AGÊNCIA CATALOGADORA
Código da Agência Catalogadora BR-CuiBMT
Agência que transcreveu o registro BR-CuiBMT
080 ## - Nº DA CLASSIFICAÇÃO DECIMAL UNIVERSAL
Nº edição CDU 2007
Nº Class. CDU 351.712:502.131.1
090 ## - NÚMERO DE CHAMADA
Nº classificação 351.712:502.131.1
Cutter F383l
100 1# - ENTRADA PRINCIPAL -- AUTOR PESSOAL
Nome pessoal Ferreira, Daniel
245 12 - TÍTULO PRINCIPAL
Título principal A licitação pública no Brasil e sua nova finalidade legal :
Subtítulo a promoção do desenvolvimento nacional sustentável /
Indicação de responsabilidade Daniel Ferreira ; prefácio: Fabrício Motta.
260 ## - PUBLICAÇÃO, DISTRIBUIÇÃO, ETC.
Local de publicação Belo Horizone :
Editora Fórum,
Data 2012.
300 ## - DESCRIÇÃO FÍSICA
N. páginas ou volumes 263 p. ;
Dimensões 22 cm
504 ## - NOTA DE BIBLIOGRAFIA, ETC.
Nota de bibliografia Inclui bibliografia.
650 ## - ASSUNTO TÓPICO
Cabeçalho tópico ou nome geográfico Direito administrativo
650 ## - ASSUNTO TÓPICO
Cabeçalho tópico ou nome geográfico Contratos administrativos
942 ## - ELEMENTOS DE ENTRADA ADICIONAIS (KOHA)
Fonte de classificação ou esquema de arquivamento Classificação Decimal Universal
Tipo de item do Koha Livros
Holdings
Estado: removido Estado: perdido Fonte de classificação ou esquema de arquivamento Estado: danificado Indisponível para empréstimo Localização permanente Localização atual Data de aquisição Total Checkouts Número de Chamada completo Código de barras Date last seen Número do exemplar Preço efetivo a partir de Tipo de item (Koha)
    Classificação Decimal Universal     Biblioteca da Escola Superior de Contas do TCE/MT Biblioteca da Escola Superior de Contas do TCE/MT 27/11/2023   351.712:502.131.1 F383l BIBTCEMT23111167 27/11/2023 Ex. 1 27/11/2023 Livros

Powered by Koha